Statistics for USA Geography In 7 Minutes

Click here to take the quiz!

General Stats

  • This quiz has been taken 57 times
  • The average score is 75 of 100

Answer Stats

StateAnswer% Correct
State 1:Alabama
98%
State 2:Alaska
96%
State 3:Arizona
96%
State 5:California
94%
State 9:Florida
94%
State 42:Tennessee
94%
State 43:Texas
94%
State 8:Delaware
91%
State 14:Indiana
91%
State 16:Kansas
91%
State 17:Kentucky
91%
State 22:Michigan
91%
State 30:New Jersey
91%
State 35:Ohio
91%
State 46:Virginia
91%
State 47:Washington
91%
State 48:West Virginia
91%
State 6:Colorado
89%
State 11:Hawaii
89%
State 12:Idaho
89%
State 13:Illinois
89%
State 19:Maine
89%
State 20:Maryland
89%
State 21:Massachusetts
89%
State 23:Minnesota
89%
State 24:Mississippi
89%
State 25:Missouri
89%
State 26:Montana
89%
State 28:Nevada
89%
State 32:New York
89%
State 34:North Dakota
89%
State 36:Oklahoma
89%
State 37:Oregon
89%
State 44:Utah
89%
State 50:Wyoming
89%
State 4:Arkansas
87%
State 15:Iowa
87%
State 18:Louisiana
87%
State 29:New Hampshire
87%
State 33:North Carolina
87%
State 40:South Carolina
87%
State 41:South Dakota
87%
State 10:Georgia
85%
State 31:New Mexico
85%
State 45:Vermont
85%
State 49:Wisconsin
85%
State 7:Connecticut
83%
State 27:Nebraska
83%
State 38:Pennsylvania
83%
State 39:Rhode Island
83%
Capital 43:Austin
79%
Capital 5:Sacramento
77%
Capital 32:Albany
74%
Capital 21:Boston
74%
Capital 14:Indianapolis
74%
Capital 35:Columbus
72%
Capital 6:Denver
72%
Capital 24:Jackson
68%
Capital 9:Tallahassee
68%
Capital 10:Atlanta
66%
Capital 2:Juneau
66%
Capital 42:Nashville
66%
Capital 47:Olympia
66%
Capital 44:Salt Lake City
66%
Capital 19:Augusta
64%
Capital 18:Baton Rouge
64%
Capital 36:Oklahoma City
64%
Capital 46:Richmond
64%
Capital 20:Annapolis
62%
Capital 34:Bismark
62%
Capital 12:Boise
62%
Capital 40:Columbia
62%
Capital 1:Montgomery
62%
Capital 33:Raleigh
62%
Capital 23:Saint Paul
62%
Capital 31:Santa Fe
62%
Capital 13:Springfield
62%
Capital 50:Cheyenne
60%
Capital 15:Des Moines
60%
Capital 17:Frankfort
60%
Capital 11:Honolulu
60%
Capital 4:Little Rock
60%
Capital 37:Salem
60%
Capital 28:Carson City
57%
Capital 8:Dover
57%
Capital 25:Jefferson City
57%
Capital 27:Lincoln
57%
Capital 39:Providence
57%
Capital 30:Trenton
57%
Capital 48:Charleston
55%
Capital 7:Hartford
55%
Capital 26:Helena
55%
Capital 22:Lansing
55%
Capital 49:Madison
55%
Capital 41:Pierre
55%
Capital 38:Harrisburg
53%
Capital 45:Montpelier
53%
Capital 16:Topeka
51%
Capital 29:Concord
49%
Capital 3:Pheonix
23%

Score Distribution

Percentile by Number Answered

Percent of People with Each Score

Your Score History

You have not taken this quiz